Airports and rail freight (Record no. 77490)
[ view plain ]
| 000 -LEADER | |
|---|---|
| fixed length control field | 01044cab a2200253 4500 |
| 001 - CONTROL NUMBER | |
| control field | ##L134374 |
| 008 - FIXED-LENGTH DATA ELEMENTS--GENERAL INFORMATION | |
| fixed length control field | 060801n2006 000 0 eng u |
| 035 ## - SYSTEM CONTROL NUMBER | |
| System control number | (Sirsi) u134374 |
| 041 0# - LANGUAGE CODE | |
| Language code of text/sound track or separate title | eng |
| 100 1# - MAIN ENTRY--PERSONAL NAME | |
| Personal name | Hipwell, Deirdre |
| 245 00 - TITLE STATEMENT | |
| Title | Airports and rail freight |
| Remainder of title | special report |
| 260 ## - PUBLICATION, DISTRIBUTION, ETC. | |
| Date of publication, distribution, etc. | 2006 |
| 490 #0 - SERIES STATEMENT | |
| Series statement | Property Week |
| Volume/sequential designation | 71(30) 28 July 2006, 73-83(5) |
| 520 ## - SUMMARY, ETC. | |
| Summary, etc. | Reports on expansion plans at John Lennon airport in Liverpool; increasing hopes for planning permission for a new rail freight interchange scheme in Greater London; interest in London City airport, recently put up for sale, and its potential for expansion; and upgrading and expanding the facilities at Manchester airport, requiring a huge amount of land. |
| 590 ## - LOCAL NOTE (RLIN) | |
| Local note | IKA010806 |
| 651 #4 - SUBJECT ADDED ENTRY--GEOGRAPHIC NAME | |
| Geographic name | LIVERPOOL |
| 651 #4 - SUBJECT ADDED ENTRY--GEOGRAPHIC NAME | |
| Geographic name | MANCHESTER |
| 651 #4 - SUBJECT ADDED ENTRY--GEOGRAPHIC NAME | |
| Geographic name | LONDON |
| 690 ## - LOCAL SUBJECT ADDED ENTRY--TOPICAL TERM (OCLC, RLIN) | |
| Topical term or geographic name as entry element | PROPERTY-INFRASTRUCTURE-RAIL INFRASTRUCTURE |
| 690 ## - LOCAL SUBJECT ADDED ENTRY--TOPICAL TERM (OCLC, RLIN) | |
| Topical term or geographic name as entry element | PROPERTY-INFRASTRUCTURE-AIR TRANSPORT INFRASTRUCTURE |
| 700 1# - ADDED ENTRY--PERSONAL NAME | |
| Personal name | Benzine, Adam |
| 700 1# - ADDED ENTRY--PERSONAL NAME | |
| Personal name | Greig-Smith, Heather |
| 942 ## - ADDED ENTRY ELEMENTS (KOHA) | |
| Suppress in OPAC | 0 |
| Withdrawn status | Lost status | Source of classification or shelving scheme | Damaged status | Not for loan | Home library | Current library | Shelving location | Date acquired | Total Checkouts | Full call number | Barcode | Date last seen | Copy number | Price effective from | Koha item type |
|---|---|---|---|---|---|---|---|---|---|---|---|---|---|---|---|
| Dewey Decimal Classification | London | London | Journal article | 01/08/2006 | L134374 | 134374-1001 | 06/08/2019 | 1 | 06/08/2019 | Journal article |